000 00710nam a2200181Ia 4500
008 190422s9999 xx 000 0 und d
100 _aLees, Kristin E.
245 _aNUCare: Advancing research on technological integration for self-management in the aging population /
245 _cKristin E. Lees MA, Barbara J. Guthrie RN PhD FAAN, Elizabeth L. Henderson RN MS MSN, Holly B. Jimison PhD FACMI, Carmen Sceppa MD PhD, Misha Pavel PhD, Christine Gordon MPH, & Terry Fulmer PhD RN FAAN .--
260 _bElsevier
260 _c2018
300 _apages 121-129, March/April 2018
440 _aNursing Outlook
_v66(2)
650 _aAging
650 _aNUCare
650 _aNursing
650 _aP20
999 _c361422
_d361422